Utah high school mascots - Statistics

General Stats
  • This quiz has been taken 27 times
  • The average score is 59 of 118
Answer Stats
Hint Answer % Correct
Payson Lions
95%
Hurricane | Milford | Ogden | +2 others Tigers
95%
Bear River Bears
90%
Duchesne | Millard | Skyline Eagles
90%
Alta | North Sanpete Hawks
90%
Enterprise | Green Canyon | North Sevier Wolves
80%
Pine View | West Panthers
75%
Canyon View | Clearfield | Skyridge Falcons
70%
Copper Hills | Logan Grizzlies
70%
Kearns | Monument Valley | Union Cougars
65%
Lone Peak | Northridge Knights
65%
Emery | Murray Spartans
65%
Box Elder Bees
60%
West Jordan Jaguars
60%
Bingham | Park City | Tintic Miners
60%
Olympus | Syracuse Titans
60%
Pleasant Grove | Viewmont Vikings
60%
Gunnison Valley | Provo Bulldogs
55%
East Leopards
55%
Bryce Valley | Crimson Cliffs | Herriman | +2 others Mustangs
55%
Lehi Pioneers
55%
Highland | Parowan | South Sevier Rams
55%
Snow Canyon | Taylorsville | Weber Warriors
55%
Jordan Beetdiggers
50%
Hillcrest Huskies
50%
Stansbury Stallions
50%
Morgan Trojans
50%
Uintah Utes
50%
Beaver Beavers
45%
Grantsville | Kanab Cowboys
45%
Cyprus | Green River Pirates
45%
Juab | Wasatch Wasps
45%
Richfield | South Summit | Water Canyon | +2 others Wildcats
45%
Hunter Wolverines
45%
San Juan Broncos
40%
American Fork Cavemen
40%
Corner Canyon Chargers
40%
Davis Darts
40%
Farmington Phoenix
40%
Grand | Springville Red Devils
40%
Desert Hills | Westlake Thunder
40%
Brighton Bengals
35%
Panguitch | Sky View Bobcats
35%
Tooele | Valley Buffaloes
35%
Cottonwood Colts
35%
Carbon Dinos
35%
Dixie Flyers
35%
Granger | Layton Lancers
35%
Cedar Reds
35%
Timpanogos Timberwolves
35%
Wayne Badgers
30%
North Summit Braves
30%
Mountain View Bruins
30%
Spanish Fork Dons
30%
Altamont | West Field Longhorns
30%
Rich Rebels
30%
Bountiful Red Hawks
30%
Roy Royals
30%
Deseret Peak | Maple Mountain Golden Eagles
25%
Bonneville Lakers
25%
Whitehorse Raiders
25%
Ben Lomond Scots
25%
Fremont | Riverton Silverwolves
25%
Manti Templars
25%
Piute | Timpview Thunderbirds
25%
Cedar Valley Aviators
20%
Monticello Buckaroos
15%
Ridgeline Riverhawks
15%
Mountain Ridge Sentinels
15%
Salem Hills Skyhawks
15%
Escalante Moquis
10%
Delta Rabbits
10%
No matching quizzes found
Score Distribution
Percent of People with Each Score
Percentile by Number Answered
Your Score History
You have not taken this quiz